| 000 | 01410cam a2200457 4500 | ||
|---|---|---|---|
| 001 | WB3711-12 | ||
| 008 | 000000n2001 000 0 eng u | ||
| 035 | _a(Sirsi) u111450 | ||
| 245 | _aProperty | ||
| 260 | _c2001 | ||
| 490 |
_aFinancial Times _vSupplement 9 March 2001(16) LOAN |
||
| 520 | _aSpecial feature on commercial property including articles on the effects of overbuilding in Europe, US investment in Europe, strong demand in German and French investment markets, high street retail property, low rents in the Netherlands, Scandinavian markets, the boom in Spanish and Portuguese cities, UK investment in Ireland and the growth in Poland, central Europe's largest market. | ||
| 590 | _aWB | ||
| 650 | _aFRANKFURT | ||
| 650 | _aBELGIUM | ||
| 650 | _aEUROPE | ||
| 650 | _aOFFICES | ||
| 650 | _aRETAIL | ||
| 650 | _aINVESTMENT | ||
| 650 | _aUSA | ||
| 650 | _aFOREIGN INVESTMENT | ||
| 650 | _aOVERBUILDING | ||
| 650 | _aGERMANY | ||
| 650 | _aHIGH STREETS | ||
| 650 | _aFRANCE | ||
| 650 | _aNETHERLANDS | ||
| 650 | _aDEMAND | ||
| 650 | _aBELGIUM | ||
| 650 | _aSCANDINAVIA | ||
| 650 | _aNORWAY | ||
| 650 | _aSWEDEN | ||
| 650 | _aDENMARK | ||
| 650 | _aSPAIN | ||
| 650 | _aPORTUGAL | ||
| 650 | _aLISBON | ||
| 650 | _aBARCELONA | ||
| 650 | _aEIRE | ||
| 650 | _aPOLAND | ||
| 690 | _aPROPERTY-COMMERCIAL PROPERTY-COMMERCIAL PROPERTY MARKET | ||
| 942 | _n0 | ||
| 999 |
_c66407 _d66407 |
||